GEOGRAPHY Question Bank: (Record no. 204644)

MARC details
000 -LEADER
fixed length control field 00644nam a22001937a 4500
005 - DATE AND TIME OF LATEST TRANSACTION
control field 20240730124824.0
010 ## - LCCN (DPL NO)
LC control number ENG-141080
020 ## - INTERNATIONAL STANDARD BOOK NUMBER
International Standard Book Number 9789389811506
Terms of availability 579.00
035 ## - SYSTEM CONTROL NUMBER
System control number EN-124612
037 ## - SOURCE OF ACQUISITION
Source of stock number/acquisition DBAD
082 ## - DEWEY DECIMAL CLASSIFICATION NUMBER
Classification number 913
245 ## - TITLE STATEMENT
Title GEOGRAPHY Question Bank:
Remainder of title Vinay G.B
Statement of responsibility, etc For Civil Services Preliminary Examination/
260 ## - PUBLICATION, DISTRIBUTION, ETC. (IMPRINT)
Place of publication, distribution, etc Chennai
Name of publisher, distributor, etc McGraw Hill Education (India) Private Limited
Date of publication, distribution, etc 2020
270 ## - ADDRESS
Address 444/1, Sri Ekambara Naicker Industrial Estate, Alapakkam, Porur
City Chennai
Postal code 600116
300 ## - PHYSICAL DESCRIPTION
Extent 378p.
Dimensions 24cm (pbk)
650 ## - SUBJECT ADDED ENTRY--TOPICAL TERM
Topical term or geographic name as entry element Biography
700 ## - ADDED ENTRY--PERSONAL NAME
Personal name Vinay G.B
9 (RLIN) 10217
942 ## - ADDED ENTRY ELEMENTS (KOHA)
Source of classification or shelving scheme Dewey Decimal Classification
Item type English Books
Classification part 913
Call number suffix GEO
Holdings
Withdrawn status Lost status Not for loan Collection code Home library Current library Date acquired Source of acquisition Cost, normal purchase price Full call number Barcode Copy number Cost, replacement price Koha item type
    Not For Loan Non-fiction D.B.Act.Division D.B.Act.Division 30/07/2024 DBAD 579.00 913 GEO EN-124612 1 579.00 English Books

© Delhi Public Library
Hit Counter
free hit counter